Verdadeiro ou Falso: Curiosidades #3 - Statistics

Estatísticas Gerais
  • Esse quiz foi jogado 128 vezes
  • A pontuação média é 8 de 16
Estatísticas das Respostas
Questão Resposta % Correto
A Estátua da Liberdade foi um presente da França para os Estados Unidos. Verdadeiro
85%
O maior avião do mundo já veio ao Brasil. Verdadeiro
80%
O maior dinossauro do mundo vivia na América do Sul. Verdadeiro
76%
Golfinhos dão nome uns aos outros. Verdadeiro
66%
É teoricamente possível viajar no tempo na vida real. Verdadeiro
62%
O maior evento do mundo é a Copa do Mundo da Fifa. Verdadeiro
62%
1 ano tinha 10 Meses antigamente. Verdadeiro
53%
A Região Sudeste do Brasil é mais rica que a Califórnia. Falso
52%
O ser vivo mais velho que já pisou na terra viveu 14 mil anos. Falso
51%
O Monte Everest é a montanha mais difícil de escalar do mundo. Falso
48%
O Google comprou a Wikipédia em 2008. Falso
47%
Albert Einstein falava 8 idiomas diferentes. Falso
45%
O país mais pobre do mundo é o Sudão do Sul. Falso
40%
A Argentina foi o primeiro país a usar impressões digitais para resolver um crime. Verdadeiro
37%
O corpo humano brilha no escuro. Verdadeiro
24%
Na Turquia, é proibido casais se beijarem em uma estação de trem. Falso
18%
Nenhum quiz correspondente encontrado
Distribuição das Pontuações
Porcentagem de Pessoas com Cada Pontuação
Percentil de Números Respondidos
Sua Pontuação Histórica
Você não jogou esse quiz